000 00915 a2200205 4500
003 Nust
005 20220720124457.0
010 _a 86022712
020 _a0138816409
040 _cNust
082 0 0 _a003,LJU
100 1 _aLjung, Lennart.
_99896
245 1 0 _aSystem identification :
_btheory for the user /
_cLennart Ljung.
260 _aEnglewood Cliffs, NJ :
_bPrentice-Hall,
_c1987.
300 _axxi, 519 p. :
_bill. ;
_c25 cm.
440 0 _aPrentice-Hall information and system sciences series
_981517
505 _aIntroduction (Page-1), Time-Invariant Linear Systems (Page-13), Simulation, Prediction and Control (Page-51), Models of Linear Time-Invariant Systems (Page-69), Models for Time-Varying and Nonlinear Systems (Page-127), Nonparametric Time and Frequency-Doman Methods (Page-141), System Identification in Practice (Page-434)
650 0 _aSystem identification.
_993959
942 _cREF
_2ddc
999 _c174861
_d174861